Absztrakt ablakok a lélekre és a világra A Más realitás című kortárs festészeti kiállításról

Bibliographic Details
Main Author: Tallósi, Béla, 1958- (Author)
Format: Article
Language:Hungarian
PhysicalDescription:Obr. 1
Subjects:

MARC

LEADER 00000nab a2200000 a 4500
001 vtls000639603
003 SK-MaSNL
005 20260319075737.0
008 160401c1997 xo 0 hun
015 |a SNBRB19rr/mm-uuuuu 
035 |a CL0639742 
040 |a SNKBUCL  |b slo  |c SNKBUCL  |e AACR2 
041 0 |a hun 
044 |a xo  |c SK 
080 |a 75(439):061.4  |2 1981 
080 |a 069.6.02  |2 1981 
100 1 |a Tallósi, Béla,  |d 1958-  |4 aut 
245 1 0 |a Absztrakt ablakok a lélekre és a világra  |b A Más realitás című kortárs festészeti kiállításról  |c Béla Tallósi 
300 |b Obr. 1 
650 0 7 |a maliarstvo moderné maďarské  |2 snkbucl  |9 899704 
650 0 7 |a Umelecká beseda slovenská, Bratislava  |2 snkbucl  |9 899705 
651 7 |a 5100  |2 snkbucl  |9 166206 
655 7 |a články z novín a časopisov  |2 snkbucl  |9 267496 
773 0 |t Új szó  |g Roč. 50, č. 229 (6. 10. 1997), s. 6 
850 |a Slovenská národná knižnica v Martine  |a DSG001 
852 |a SNK  |b KIS3GCP 
958 |a HU 
958 |a SK 
958 |a RK 
958 |a RBX 
999 |c 1425621  |d 1427551